Best NBA Player on Each Team (As of April 2021) - Statistics

General Stats
  • This quiz has been taken 105 times
  • The average score is 24 of 30
Answer Stats
Team Best Player % Correct
76ers Joel Embiid
98%
Bucks Giannis Antetokounmpo
97%
Nets Kevin Durant
92%
Lakers Lebron James
92%
Mavericks Luka Doncic
92%
Bulls Zach Lavine
91%
Clippers Kawhi Leonard
90%
Heat Jimmy Butler
89%
Jazz Donovan Mitchell
88%
Hornets Lamelo Ball
88%
Nuggets Nikola Jokic
88%
Trailblazers Damian Lillard
87%
Warriors Steph Curry
87%
Suns Devin Booker
86%
Grizzlies Ja Morant
86%
Hawks Trae Young
86%
Pelicans Zion Williamson
86%
Spurs Demar DeRozan
85%
Timberwolves Karl Anthony-Towns
84%
Wizards Russell Westbrook
83%
Kings De'Aaron Fox
82%
Pacers Domantas Sabonis
82%
Knicks Julius Randle
82%
Raptors Kyle Lowry
82%
Celtics Collin Sexton
68%
Cavaliers Kevin Love
67%
Pistons Jerami Grant
62%
Rockets Christian Wood
61%
Magic Cole Anthony
34%
Thunder Aleksej Pokusevski
3%
No matching quizzes found
Score Distribution
Percent of People with Each Score
Percentile by Number Answered
Your Score History
You have not taken this quiz